| 000 | 00988nam a22002775a 4500 | ||
|---|---|---|---|
| 003 | OSt | ||
| 005 | 20170314151625.0 | ||
| 008 | 170314s2015 ua grb 000 0 ara d | ||
| 015 | _a2015 / 15859 | ||
| 020 | _a9789773342005 | ||
| 040 |
_aEG-ScBUE _bara _cEG-ScBUE |
||
| 043 | _af-ua--- | ||
| 082 | 0 | 4 |
_a386.43 _bإ ر م _222 |
| 100 | 0 | _aإرميا. | |
| 245 | 1 | 0 |
_aقناة السويس الجديدة : _bهدية مصر للعالم / _cإرميا. |
| 250 | _aط. 1. | ||
| 260 |
_aالقاهرة : _bالمركز الثقافي القبطي الأرثوذكسي، _c2015. |
||
| 300 |
_a205 ص. : _bإيض. ؛ _c28 سم. |
||
| 504 | _aيشتمل على إرجاعات ببليوجرافية. | ||
| 650 | _2BUEsh | ||
| 651 | 7 |
_aقناة السويس (مصر) _xتاريخ. _2BUEsh |
|
| 651 | 7 |
_aقناة السويس (مصر) _xأحوال اقتصادية. _2BUEsh |
|
| 651 | 7 |
_aقناة السويس (مصر) _yالقرن 21. _2BUEsh |
|
| 653 |
_bGGEN _cMarch2017 |
||
| 942 | _2ddc | ||
| 999 |
_c24421 _d24393 |
||